|
|
|
|
| LEADER |
00854nam a22002292a 4500 |
| 001 |
001097731 |
| 003 |
CZ BrMZK |
| 005 |
20100910085223.0 |
| 007 |
ta |
| 008 |
100520s1984 xr er|||||||||||cze d |
| 015 |
|
|
|a cnb000022545
|
| 035 |
|
|
|a (OCoLC)39580606
|
| 040 |
|
|
|a BOA001
|b cze
|
| 245 |
0 |
0 |
|a Z bojů KSČ na Prostějovsku v období hospodářské krize 1929-1934 /
|c zpracovala Ludmila Grůzová ... [et al.]
|
| 260 |
|
|
|a Prostějov :
|b Komise pro regionální dějiny KSČ při OV KSČ,
|c [1984]
|
| 300 |
|
|
|a 99 s.
|
| 700 |
1 |
|
|a Grůzová, Ludmila,
|d 1936-2011
|7 xx0011495
|4 aut
|
| 910 |
|
|
|a BOA001
|b 2-0879.914
|
| 990 |
|
|
|a BK
|
| 991 |
|
|
|b 201005
|
| 996 |
6 |
|
|b 2619413158
|c 2-0879.914
|l MZK
|r Sklad / do 1 hodiny
|n 0
|w 001123666
|u 000020
|a 1
|e BOA001
|j MZK50
|s P
|
| 996 |
7 |
|
|b 2619413159
|c 2-0879.914
|l MZK
|r Sklad / do 1 hodiny
|n 0
|w 001123666
|u 000010
|a 1
|e BOA001
|j MZK50
|s A
|